Loading...
Literature - European Literature | 0 | 3 | 0 | 1 | 30 | 82 | 113.67 | 0 | 0 |
History - World History | 0 | 3 | 0 | 0 | 30 | 40 | 73.33 | 0 | 1 |
Fine Arts - Visual Fine Arts | 0 | 3 | 0 | 1 | 30 | 107 | 120.67 | 0 | 1 |
History - American History | 0 | 3 | 0 | 2 | 30 | 117 | 123.67 | 0 | 0 |
Fine Arts - Other Fine Arts | 0 | 3 | 0 | 2 | 30 | 98 | 127.67 | 0 | 0 |
Religion | 0 | 2 | 0 | 1 | 20 | 77 | 98.50 | 0 | 0 |
History - European History | 0 | 2 | 0 | 1 | 20 | 127 | 129.50 | 0 | 0 |
Literature - American Literature | 0 | 2 | 0 | 0 | 20 | 45 | 77.00 | 0 | 1 |
Fine Arts - Classical Music | 0 | 2 | 1 | 1 | 15 | 113 | 130.50 | 0 | 0 |
History - Other History | 0 | 1 | 0 | 0 | 10 | 129 | 129.00 | 0 | 0 |
Philosophy | 0 | 1 | 0 | 0 | 10 | 121 | 121.00 | 0 | 0 |
Pop Culture | 0 | 1 | 0 | 0 | 10 | 92 | 92.00 | 0 | 0 |
Other Academic | 0 | 1 | 1 | 0 | 5 | 53 | 53.00 | 0 | 0 |